| 000 | 01208nam0a2200313 4500 | ||
|---|---|---|---|
| 001 | RU\NLR\ONL1\15025 | ||
| 005 | 20250613122229.0 | ||
| 035 | _a(NLR Aleph) 009643766 | ||
| 090 |
_a9557070 _c9557070 |
||
| 100 | _a20090907d1930 |||y0rusy50 ca | ||
| 101 | 0 | _amdf | |
| 102 | _aRU | ||
| 105 | _aa ||||||||| | ||
| 135 | _acrgn 008anaba | ||
| 200 | 1 |
_aНуфтолонь и лов алу кеди серонь алу сокамась _fС. И. Данилов |
|
| 210 |
_aМ. _cЦентриздат _d1930 |
||
| 215 |
_a36 с. _cил. _d20 |
||
| 325 | 1 | _aКопия доступна в электронной библиотеке РНБ | |
| 541 | 1 |
_aПожнивное лущение и зяблевая вспашка _zrus |
|
| 686 | 1 | _aП143.2 | |
| 700 | 1 |
_aДанилов _bС. И. _4070 |
|
| 801 | 0 |
_aRU _bNLR _c20090907 _gPSBO |
|
| 852 |
_aNLR _bОНЛ _jМорд.м./3-714 |
||
| 901 | _eКнижные издания: ОНЛ | ||
| 942 | _cBOOK | ||
| 980 | _aNB | ||
| 981 | 2 | 3 |
_a(23) Национальные литературы _b(23) Книги на национальных языках |